Faillite de la democratie? (Record no. 140821)

MARC details
000 -LEADER
campo de control de longitud fija 00571nam a2200181 i 4500
001 - NÚMERO DE CONTROL
campo de control 140821
003 - IDENTIFICADOR DE NÚMERO DE CONTROL
campo de control ES-MaACL
005 - FECHA Y HORA DE LA ÚLTIMA TRANSACCIÓN
campo de control 20240516063054.0
007 - CAMPO FIJO DE DESCRIPCIÓN FÍSICA--INFORMACIÓN GENERAL
campo de control de longitud fija t|
008 - DATOS DE LONGITUD FIJA--INFORMACIÓN GENERAL
campo de control de longitud fija 070917s1923 fr ||||1| fre d
100 0# - ENTRADA PRINCIPAL--NOMBRE DE PERSONA
Nombre de persona Wells, H. G.,
Fechas asociadas al nombre 1866-1946
9 (RLIN) 116458
245 10 - MENCIÓN DEL TÍTULO
Título Faillite de la democratie?
Resto del título : (after democracy...) /
Mención de responsabilidad, etc. H. G. Wells ; traduit de l'anglais par Henri Thiers.
260 ## - PUBLICACIÓN, DISTRIBUCIÓN, ETC.
Lugar de publicación, distribución, etc. Paris :
Nombre del editor, distribuidor, etc. [s.n.],
Fecha de publicación, distribución, etc. 1933 (
Fabricante Arde)
300 ## - DESCRIPCIÓN FÍSICA
Extensión 242 p. ;
Dimensiones 19 cm.
700 1# - ENTRADA AGREGADA--NOMBRE PERSONAL
Nombre de persona Thiers, Henri.
9 (RLIN) 109957
852 ## - LOCALIZACIÓN
Ubicación ES-MaACL
Número de control de estantería B-12859
Holdings
Estatus retirado Estado de pérdida Estado de daño No para préstamo Biblioteca de origen Biblioteca actual Ubicación en estantería Fecha de adquisición Fuente de adquisición Total de préstamos Signatura topográfica completa Código de barras Visto por última vez Precio de reemplazo Tipo de ítem Koha
        Biblioteca del Ateneo de Madrid Biblioteca del Ateneo de Madrid Sala Pardo Bazán 17/01/2008     B-12859 1146535 23/02/2023 23/02/2023 Libro impreso